| 000 | 00405nam a2200145Ia 4500 | ||
|---|---|---|---|
| 005 | 20250729165806.0 | ||
| 008 | 250729s2014 xx 000 0 und d | ||
| 041 | _aeng | ||
| 082 | _a530.25 DIRP | ||
| 100 |
_aDirectorate of Pre University _9233109 |
||
| 245 | _aPhysics I P U C Laborate Manual | ||
| 260 |
_aBangalore _bDirectorate of Pre University _c2014 |
||
| 300 | _a275p | ||
| 650 |
_aScience _9233110 |
||
| 999 |
_c240117 _d240117 |
||